000 00185nam a22000857a 4500
001 1243367
005 20251016141420.0
245 _aKELİLE VE DİMNE
_cBEYDEBA
260 _bTİMAŞ YAYINLARI
999 _c1243367
_d1243367